Minecraft Structures - Statistics

General Stats
  • This quiz has been taken 1,126 times
    1,069 since last reset
  • The average score is 16 of 21
Answer Stats
Hint Structure % Correct
Collection of Buildings with a lot of different varieties of houses Village
99%
Where you can find the End Portal Stronghold
93%
Underground passageways with some rails on the ground Mineshaft
88%
Structure found in jungles with traps and two chests Jungle pyramid
85%
Underwater wooden structure with up to three chests Shipwreck
84%
Sandstone building found in deserts filled with loot in four chests and tnt Desert pyramid
83%
Structure made of snow with the possibility of a hidden basement under it Igloo
83%
Very large structure found in the nether with four different variants. It includes a lot of piglins and gold. Bastion Remnant
80%
Tall structure found in the end where shulkers are found End city
80%
Found in the nether and countains blazes, wither skeletons and nether warts Nether Fortress
80%
Small sandstone structure found in desert containing water Desert well
78%
Tall structure with pillagers with smaller structures around it Pillager outpost
78%
Building found in swamp biomes with a cauldron and a crafting table Swamp hut
77%
Largest structure above the ground, found in roofed forests Woodland Mansion
76%
Can be found in the overworld and the nether. It includes a damaged gate between the two dimensions with some extra loot Ruined Portal
75%
Huge underwater structure made of prismarine containing guardians Ocean monument
73%
A hidden chest found under beaches Buried treasure
69%
Little structure made of stone bricks or sandstone found underwater Ocean ruin
69%
Made of Bone Blocks and Coal Ore found underground in Deserts and Swamps or in the Nether Fossil
68%
Spherical underground structure that contins amethysts and smooth basalt Amethyst Geode
66%
Underground structure that is sometimes connected to caves containing up to 2 chests and a spawner Dungeon
63%
No matching quizzes found
Score Distribution
Percent of People with Each Score
Percentile by Number Answered
Your Score History
You have not taken this quiz since the last reset